000 01186cam a2200337 a 4500
001 743746
003 ARRUPE
005 20160203145331.0
008 990205s1998 enka b 001 0 eng d
010 _a 99188038
020 _a0521572568 (hbk.)
020 _a0521576199 (pbk.)
035 _a(DLC) 99188038
035 _a(OCoLC)40739663
040 _aNNM
_cNNM
_dDLC
042 _alccopycat
050 0 0 _aGN799.P4
_bA73 1998
082 0 0 _a709/.01/3
_221
245 0 4 _aThe archaeology of rock-art /
_cedited by Christopher Chippindale and Paul S.C. Taçon.
246 3 0 _aRock-art
260 _aCambridge, U.K. ;
_aNew York, NY :
_bCambridge University Press,
_c1998.
300 _axviii, 373 p. :
_bill. ;
_c25 cm.
504 _aIncludes bibliographical references and index.
650 0 _aRock paintings.
_921544
650 0 _aPetroglyphs.
_921545
700 1 _aChippindale, Christopher,
_d1951-
_921546
_eed.
700 1 _aTaçon, Paul S. C.
_q(Paul Stephen Charles),
_d1958-
_921547
_eed.
906 _a7
_bcbc
_ccopycat
_d2
_encip
_f19
_gy-gencatlg
942 _2lcc
_cMONOGRAPH
999 _c123949
_d123949